Fr. Conceicao Rodrigues College of Engineering

8086 FAMILY DESIGN PROGRAMMING (Record no. 35601)

MARC details
000 -LEADER
fixed length control field 00353nam a2200169Ia 4500
082 ## - DEWEY DECIMAL CLASSIFICATION NUMBER
Classification number 005/UFF
Item number UFF
100 ## - MAIN ENTRY--PERSONAL NAME
Personal name #N/A
250 ## - EDITION STATEMENT
Edition statement 3
245 ## - TITLE STATEMENT
Title 8086 FAMILY DESIGN PROGRAMMING
260 ## - PUBLICATION, DISTRIBUTION, ETC.
Name of publisher, distributor, etc. PRINTICE HALL
Place of publication, distribution, etc. nEW DELHHI
Date of publication, distribution, etc. 1980
300 ## - PHYSICAL DESCRIPTION
Extent 335
546 ## - LANGUAGE NOTE
Language note ENGLISH
650 ## - SUBJECT ADDED ENTRY--TOPICAL TERM
Topical term or geographic name entry element Computers
654 ## - SUBJECT ADDED ENTRY--FACETED TOPICAL TERMS
Focus term PROGRAMMING
942 ## - ADDED ENTRY ELEMENTS (KOHA)
Koha item type BOOK
Holdings
Withdrawn status Lost status Damaged status Not for loan Collection Home library Current library Date acquired Source of acquisition Cost, normal purchase price Inventory number Total Checkouts Full call number Barcode Date last seen Cost, replacement price Price effective from Koha item type
        DCOMP Fr. Agnel's C.Rodrigues College of Engineering Fr. Agnel's C.Rodrigues College of Engineering 17/03/2023 Professional Book house 250.00 33   005/UFF UFF DCOMP1 17/03/2023 250.00   BOOK
        DCOMP Fr. Agnel's C.Rodrigues College of Engineering Fr. Agnel's C.Rodrigues College of Engineering 17/03/2023 Professional Book house 250.00 33   005/UFF UFF DCOMP2 17/03/2023 250.00   BOOK